000 00929nas a2200301 4500
001 BR0602963
003 BR-BrBNA
005 20231205110107.0
007 ta
008 230509b bl.|||p| |||| 00| 00por d
040 _aBR-BrBNA
_bpor
_cBiblioteca Nacional de Agricultura
041 _a(Pt)
072 _aL02; L72
100 1 _aFernandez, L.H.
100 1 _aSeno, M.C.Z.
100 1 _aAmarante, A.F.T.
100 1 _aSouza, H.
100 1 _aBelluzo, C.E.C.
245 1 _aEfeito do pastejo rotacionado e alternado com bovinos adultos no controle da verminose em ovelhas
650 _aBOVINO
650 _aOVELHA
650 _aVERMINOSE
650 _aPASTEJO ROTATIVO
650 _aBIOQUÍMICA ANIMAL
773 0 _tArquivo Brasileiro de Medicina Veterinária e Zootecnia (Brazil)
_xISSN 0102-0935
_g(Dec 2004), v. 56(6) p. 733-740
_wBR0602963
909 _a202311
_bLúcia
_c55
_dLúcia Elande
942 _2AGRIS
_n0
_cANA
999 _c186180
_d186180